000 00505cam a2200169 4500500
005 20260329004327.0
041 _afre
042 _adc
100 1 0 _aGoron, Gaëtan
_eauthor
245 0 0 _aMots croisés #52
260 _c2019.
500 _a21
690 _aGaëtan Goron
690 _aMots croisés
786 0 _nPhilosophie magazine | 130 | 6 | 2019-06-01 | p. 67-67 | 1951-1787
856 4 1 _uhttps://shs.cairn.info/magazine-philosophie-magazine-2019-6-page-67?lang=fr&redirect-ssocas=7080
999 _c1832848
_d1832848